Movies Quiz

Random Movies or Director Quiz

Guess the film from the screenshot. Quiz Stats

 Plays Quiz not verified by Sporcle

Challenge
Share
Tweet
Score 0/35 Timer 09:00
0 Plays Today
% Correct
Pulp Fiction
85.9%
Deadpool
77.9%
Titanic
74.1%
Scarface
71.7%
Raging Bull
65.9%
La La Land
65.9%
Inception
65.5%
The Graduate
64.1%
The Truman Show
63.8%
Back to the Future Part II
61%
Casablanca
56.9%
No Country for Old Men
56.2%
North by Northwest
53.4%
Blade Runner
50.7%
Spring Breakers
50%
Starship Troopers
50%
The Godfather
46.2%
Point Break
35.9%
% Correct
Under the Skin
22.4%
Gods of Egypt
22.4%
La Dolce Vita
21.7%
Die Hard
20.7%
A Clockwork Orange
19.3%
The English Patient
18.3%
The Descent
17.9%
Only Lovers Left Alive
16.9%
In the Mood for Love
15.5%
Badlands
13.8%
Drive
13.1%
Enemy
12.1%
Lost Highway
11%
A Serious Man
10.7%
Nymphomaniac
10.3%
The King of Comedy
8.6%
Amarcord
2.1%

You're not logged in!

Compare scores with friends on all Sporcle quizzes.
Join for Free
OR
Log In

You Might Also Like...

Show Comments

Extras

Top Quizzes Today


Score Distribution

Your Account Isn't Verified!

In order to create a playlist on Sporcle, you need to verify the email address you used during registration. Go to your Sporcle Settings to finish the process.

Report this User

Report this user for behavior that violates our Community Guidelines.

Details: